Germán Gedovius (Record no. 165)

MARC details
000 -CABECERA
campo de control de longitud fija 00806nam a2200229 a 4500
001 - NÚMERO DE CONTROL
campo de control BRCA_196
005 - FECHA Y HORA DE LA ÚLTIMA TRANSACCIÓN
campo de control 20190320202922.0
008 - DATOS DE LONGITUD FIJA--INFORMACIÓN GENERAL
campo de control de longitud fija 850516s1984 mx-a---##b---f000-0#spa-#
020 ## - NÚMERO INTERNACIONAL ESTÁNDAR DEL LIBRO
Número Internacional Estándar del Libro 968290322X
041 ## - CÓDIGO DE LENGUA
Código de lengua del texto/banda sonora o título independiente spa
044 ## - CÓDIGO DEL PAÍS DE LA ENTIDAD EDITORA/PRODUCTORA
Código MARC del país mx
050 #4 - SIGNATURA TOPOGRÁFICA DE LA BIBLIOTECA DEL CONGRESO
Número de clasificación ND259.G4
Número de documento/Ítem .G43 1984
245 10 - MENCIÓN DE TÍTULO
Título Germán Gedovius
Resto del título una generación entre dos siglos : del porfiriato a la posrevolución.
260 ## - PUBLICACIÓN, DISTRIBUCIÓN, ETC.
Lugar de publicación, distribución, etc. México
Nombre del editor, distribuidor, etc. INBA : SEP : Cultura
Lugar de fabricación/manufactura [1984]
300 ## - DESCRIPCIÓN FÍSICA
Extensión 83 p.
Otras características físicas il. (algunas a color)
Dimensiones 27 cm.
500 ## - NOTA GENERAL
Nota general Título de cubierta: Germán Gedovius, 1867-1937.
500 ## - NOTA GENERAL
Nota general Incluye catálogo de objetos complementarios de la exhibición
504 ## - NOTA DE BIBLIOGRAFÍA, ETC.
Nota de bibliografía, etc. Bibliografía: p. 75-76.
650 14 - PUNTO DE ACCESO ADICIONAL DE MATERIA--TÉRMINO DE MATERIA
Término de materia o nombre geográfico como elemento de entrada Gedovius, Germán, 1867-1937
Término indicativo de función/relación Exposiciones
Subdivisión de forma Catálogos
9 (RLIN) 712
650 14 - PUNTO DE ACCESO ADICIONAL DE MATERIA--TÉRMINO DE MATERIA
Término de materia o nombre geográfico como elemento de entrada Museo Nacional de Arte
Subdivisión geográfica México
9 (RLIN) 713
942 ## - ELEMENTOS DE PUNTO DE ACCESO ADICIONAL (KOHA)
Fuente del sistema de clasificación o colocación Library of Congress Classification
Tipo de ítem Koha Libros
Holdings
Estado de retiro Estado de pérdida Estado dañado No para préstamo Localización permanente Ubicación/localización actual Fecha de adquisición Total de préstamos Signatura topográfica completa Código de barras Fecha visto por última vez Precio válido a partir de Tipo de ítem Koha
El ejemplar forma parte de la colección y puede ser consultado según las políticas vigentes.       Biblioteca del Museo Franz Mayer (Rogerio Casas-Alatriste) Biblioteca del Museo Franz Mayer (Rogerio Casas-Alatriste) 25/06/2008   ND259.G4 .G43 1984 00261 22/03/2019 22/03/2019 Libros